000 00374pab a2200157 454500
008 180718b1996 xxu||||| |||| 00| 0 eng d
100 _aVarma, Adarsh Kumar
245 _aJudicial activism: a step in right direction
260 _c1996
300 _ap.8
362 _a20 Dec
650 _aJudiciary - India
650 _aJudiciary
773 _aTribune
909 _a33624
999 _c33624
_d33624